Library of the University of Algiers 3
Ibrahim Sultan Cheibout
شعار جامعة الجزائر 3
مكتبة جامعة الجزائر 3
إبراهيم سلطان شيبوط

آراء في فقه التخلف : (رقم التسجيلة. 45344)

تفاصيل مارك
000 -LEADER
fixed length control field 00962nam a2200241Ia 4500
003 - CONTROL NUMBER IDENTIFIER
control field Ost
005 - DATE AND TIME OF LATEST TRANSACTION
control field 20260507075638.0
008 - FIXED-LENGTH DATA ELEMENTS--GENERAL INFORMATION
fixed length control field 260507s9999||||xx |||||||||||||| ||und||
020 ## - INTERNATIONAL STANDARD BOOK NUMBER
International Standard Book Number 1855165880
040 ## - CATALOGING SOURCE
Transcribing agency fsecg
041 ## - LANGUAGE CODE
Language code of text/sound track or separate title ara
082 ## - DEWEY DECIMAL CLASSIFICATION NUMBER
Classification number 330.9
100 ## - MAIN ENTRY--PERSONAL NAME
Personal name النقيب، خلدون حسن
Relator term مؤلف
245 #0 - TITLE STATEMENT
Title آراء في فقه التخلف :
Remainder of title العرب والغرب في عصر العولمة /
Statement of responsibility, etc. خلدون حسن النقيب
250 ## - EDITION STATEMENT
Edition statement طبعة 2
260 ## - PUBLICATION, DISTRIBUTION, ETC.
Place of publication, distribution, etc. بيروت:
Name of publisher, distributor, etc. دار السافي,
Date of publication, distribution, etc. 2002
300 ## - PHYSICAL DESCRIPTION
Extent 463 صفحة؛
Dimensions 24 سم
520 ## - SUMMARY, ETC.
Summary, etc. فهم تخلف المجتمع المدني ، فقر السياسة، التطبيع، المواجهة التاريخية مع العرب، ثقافة التخلف، الثقافة تسلية والسياسة واقع وهمي
653 ## - INDEX TERM--UNCONTROLLED
Uncontrolled term التخلف الاجتماعي
653 ## - INDEX TERM--UNCONTROLLED
Uncontrolled term التخلف الاقتصادي
653 ## - INDEX TERM--UNCONTROLLED
Uncontrolled term الفقر
942 ## - ADDED ENTRY ELEMENTS (KOHA)
Koha item type كتب
المقتنيات
Withdrawn status Lost status Source of classification or shelving scheme Damaged status Not for loan Home library Current library Date acquired Serial enumeration / chronology Inventory number Total checkouts Full call number Barcode Date last seen Price effective from Koha item type
    Dewey Decimal Classification   NOT LOAN / إعارة داخلية مكتبة كلية العلوم الإقتصادية والعلوم التجارية وعلوم التسيير مكتبة كلية العلوم الإقتصادية والعلوم التجارية وعلوم التسيير 07/05/2026 الطابق الأرضي 813/1   أ/813ن1 813/1 07/05/2026 07/05/2026 كتب
    Dewey Decimal Classification   Available مكتبة كلية العلوم الإقتصادية والعلوم التجارية وعلوم التسيير مكتبة كلية العلوم الإقتصادية والعلوم التجارية وعلوم التسيير 07/05/2026 الطابق الثاني 813/2   أ/813ن2 813/2 07/05/2026 07/05/2026 كتب

موارد الويب المفتوحة


© University of Algiers 3 All Rights Reserved
|
Implemented by LECHELAH Riad